000
00291nam a2200121Ia 4500
008
190216s9999||||xx |||||||||||||| ||und||
100
_a
Piskunov
245
0
_a
Differential And Integral Calculus-Volume-1
260
_b
Mir Publishers
300
_a
471
650
_a
Mathematics
942
_c
BK
999
_c
30688
_d
30688